000 00884nam a22002657a 4500
001 7408
003 FISKH
005 20250714095010.0
008 250714b cb ||||| |||| 00| 0 eng d
040 _aFISKH
_beng
_cFISKH
_dFISKH
050 _aPE1449 .W439
082 _a428.1
100 _aWilbur, Richard
245 _aThe pig in the Spigot /
_cPoems by Richard Wilbur ; Illustrated by J. Otto Seibold
260 _aSandiego :
_bHarcourt,
_c2000.
300 _a32 nnumbered pages :
_bcolor illustrations ;
_c28 cm
505 _aJ
520 _aRhyming text gives many examples of short words found within longer ones such as "pig" in "spigot" and "ant" in "pantry".
521 8 _a500
_bLexile estimate
521 8 _aJ
_bRaz-Plus
650 _aPicture book
_vPoetry
_xChildren's
700 _aSeibold, J. Otto
_eillustrator
942 _2ddc
_cBK
_n0
999 _c7408
_d7408